| 000 | 00650cam a2200229 a 4500 | ||
|---|---|---|---|
| 001 | 000018140 | ||
| 003 | DO-SdBNP | ||
| 005 | 20230321092255.0 | ||
| 007 | ta | ||
| 008 | 941001nuuuu sp a 000 f spa d | ||
| 040 |
_aDO-SdBNP _bspa _cBNPHU |
||
| 049 | _aBNGR | ||
| 082 | 4 |
_a813.54 _bB118j _222 |
|
| 100 | 1 |
_aBach, Richard, _d1936- _93225 |
|
| 245 | 1 | 0 |
_aJuan Salvador Gaviota : _bun relato / _cRichard Bach. |
| 260 |
_a[s.l.] : _b[s.n.], _c[19??]. |
||
| 300 |
_a143 p. : _bil.ustraciones ; _c21 cm. |
||
| 590 | _aInventariado, 2022 /MAA. | ||
| 650 | 4 |
_aNovela estadounidense _9262 |
|
| 650 | 4 |
_aLiteratura estadounidense _9263 |
|
| 942 |
_2ddc _cLBS1 |
||
| 999 |
_c17661 _d17661 |
||